The tabernacle of Israel: (Record no. 2529)

000 -LEADER
fixed length control field 00780nam a2200205 a 4500
001 - CONTROL NUMBER
control field :::00000254$&:&@@
003 - CONTROL NUMBER IDENTIFIER
control field OkBaRHE
005 - DATE AND TIME OF LATEST TRANSACTION
control field 20000607103237.0
008 - FIXED-LENGTH DATA ELEMENTS--GENERAL INFORMATION
fixed length control field s1987 j 000 0 eng u
040 ## - CATALOGING SOURCE
Transcribing agency
100 1# - MAIN ENTRY--PERSONAL NAME
Personal name Strong, James, 1822-1894.
245 14 - TITLE STATEMENT
Title The tabernacle of Israel:
Remainder of title its structure and symbolism.
Statement of responsibility, etc [Illustrations, Don Ellens].
260 ## - PUBLICATION, DISTRIBUTION, ETC. (IMPRINT)
Place of publication, distribution, etc Grand Rapids, MI., :
Name of publisher, distributor, etc Kregel Publications
Date of publication, distribution, etc c1987
300 ## - PHYSICAL DESCRIPTION
Extent 166 p. : illus. ;
Dimensions 20 cm.
650 ## - SUBJECT ADDED ENTRY--TOPICAL TERM
Topical term or geographic name as entry element Tabernacle
730 ## - ADDED ENTRY--UNIFORM TITLE
Uniform title Tabernacle of Israel in the desert.
942 ## - ADDED ENTRY ELEMENTS (KOHA)
Source of classification or shelving scheme
Koha item type Books
Copies
Source of classification or shelving scheme Copy number Damaged status Barcode Withdrawn status Price effective from Shelving location Full call number Not for loan Date acquired Date last seen Koha item type Permanent Location Lost status
 1 254 2010-04-14General StacksBM 654 .S7 2010-04-142010-04-14BooksRHEMA Bible Training College 
 2 16762 2010-04-14General StacksBM 654 .S7 2010-04-142011-01-04BooksRHEMA Bible Training College